000 00295nam a2200121Ia 4500
008 191201s2014 xx 000 0 und d
100 _aRAJPUT,R.K.
245 0 _aText Book of Automobile Engineering
260 _aN. Delhi
_bLaxmi
_c2014
300 _a984
650 _aB.Tech(ME)
942 _2ddc
_cBK
999 _c6243
_d6243